| 000 | 00543nam a2200193Ia 4500 | ||
|---|---|---|---|
| 005 | 20250205105325.0 | ||
| 008 | 210716s2011 xx 000 0 und d | ||
| 020 | _a9788175967847 | ||
| 040 | _cAIMIT LIBRARY | ||
| 041 | _aeng | ||
| 082 |
_a158.39 _21 _bPATP |
||
| 100 |
_aPatnaik, Priyadarshi. _996919 |
||
| 245 | _aGroup discussion and interview skills / | ||
| 250 | _a1st ed. | ||
| 260 |
_aNew Delhi : _bFoundation Press, _c2011. |
||
| 300 |
_av;200p. : _bPB: _c24 cm. |
||
| 650 |
_aAptitude _996920 |
||
| 942 |
_2ddc _cBK _e1st _k158.39 PATP |
||
| 999 |
_c191496 _d191496 |
||